000 00694nam a2200229Ia 4500
005 20260601193222.0
008 260601s9999||||xx |||||||||||||| ||und||
020 _a978-3-031-48593-0
_qebk
100 _aGordon Waiter
245 0 _aMedical Image Understanding and Analysis
250 _a1st ed. 2024
260 _aHeidelberg, Germany
_bSpringer Nature
_c2024
440 _aLecture Notes in Computer Science
650 _aComputer Science
700 _aGeorgios Leontidis
700 _aNir Oren
700 _aSharon Gordon
700 _aTeresa Morris
700 _aTryphon Lambrou
856 _uhttps://link.springer.com/openurl?genre=book&isbn=978-3-031-48593-0
942 _cEB
_2ddc
999 _c55844
_d55844